000
00318nam a2200133Ia 4500
008
191201s2004 xx 000 0 und d
082
_a
677.84
_b
PED
100
_a
PELLOW, C E
245
0
_a
Dyes and Dyeing
260
_a
N.Delhi
_b
Abhishek Publications
_c
2004
300
_a
360
650
_a
B.Tech(TE)
942
_2
ddc
_c
BK
999
_c
2322
_d
2322